000 00398nam a2200133Ia 4500
005 20251222142018.0
008 251222s9999||||xx |||||||||||||| ||spa||
020 _a84-7786-939-1
082 _a372.7/A97
100 _aAzcárate Goded, Pilar
245 0 _aEl Conocimiento Profesional Didáctico-Matemático en la Formación Inicial de los Maestros
264 _bUniversidad de Cádiz
942 _cLIB
999 _c10559
_d10559